000 00972nam a2200301Ia 4500
003 OSt
005 20220912150159.0
006 a|||||r|||| 00| 0
007 ta
008 220909b |||||||| |||| 00| 0 eng d
020 _a0387204733 (hbd)
024 _a15107
037 _b5695, 25/07/2005, Overseas Press (India) Pvt. Ltd.
037 _cTextbook
040 _aCSL
_beng
_cCSL
041 _aeng
082 _aD65,8(B):71:(894), P5 TD
100 _aKizza Joseph Migga
245 0 _aComputer network security
260 _aNew York Springer Science+Business Media, Inc.
_c2005
300 _axxii, 534p.
_ccm.
500 _aIncludes bibliographical references.; Index 529-534p.
_ccm.
650 _a Computer networks
650 _a Network security
650 _aComputer Science
942 _hD65,8(B):71:(894), P5 TD
_cTB
_2CC
999 _c41385
_d41385